• 首页
  • 本馆介绍
  • 公告通知
  • 最新文献
  • 馆藏检索
  • 电子资源
  • 读者导购
  • 参考咨询
  • 我的图书馆
  • 登录
  • 详细信息显示
  • 放入我的书架
  • 预约/预借图书
  • 作者相关作品
  • 分类相关作品
  • 丛书相关作品
  • 出版社相关作品

书目信息

  • 表格格式
  • 工作单格式
  • 卡片格式
题名:
心理健康与思想政治教育
    
 
作者: 徐辉 著
分册:  
出版信息: 北京   首都经济贸易大学出版社  2019
页数: 181页
开本: 24cm
丛书名:
单 册:
中图分类: G647.9 , G641
科图分类:
主题词: 大学生--心理健康--健康教育 , 大学生--思想政治教育
电子资源:
ISBN: 978-7-5638-2927-9
000 01075nam0 2200241 450
001 2360851174
005 20230923165421.23
010    @a978-7-5638-2927-9@dCNY39.00
100    @a20190517d2019 em y0chiy50 ea
101 0  @achi
102    @aCN@b110000
105    @ay z 000yy
200 1  @a心理健康与思想政治教育@Axin li jian kang yu si xiang zheng zhi jiao yu@f徐辉著
210    @a北京@c首都经济贸易大学出版社@d2019
215    @a181页@d24cm
330    @a本书针对心理健康的基本问题,东方、西方的心理健康观,心理健康与思想政治教育的关系,以及提高思想政治教育者的心理健康水平等方面进行了阐释。本书最有价值的内容和观点主要有以下三点:第一,从心理健康的视角研究思想政治教育,扩展了思想政治教育的视野,为思想政治教育增添一些学理养分。第二,把中国优秀的传统文化中有关心理健康的资源创造性地转化为当代心理健康教育的资源。第三,建议设置提升心理健康水平的专业课。
606 0  @a大学生@x心理健康@x健康教育
606 0  @a大学生@x思想政治教育
690    @aG647.9@v5
690    @aG641@v5
701  0 @a徐辉@Axu hui@4著
801  0 @aCN@b安徽时代@c20230923
905    @aBZT@dG647.9@e7
    
    心理健康与思想政治教育/徐辉著.-北京:首都经济贸易大学出版社,2019
    181页;24cm
    
    
    ISBN 978-7-5638-2927-9:CNY39.00
    本书针对心理健康的基本问题,东方、西方的心理健康观,心理健康与思想政治教育的关系,以及提高思想政治教育者的心理健康水平等方面进行了阐释。本书最有价值的内容和观点主要有以下三点:第一,从心理健康的视角研究思想政治教育,扩展了思想政治教育的视野,为思想政治教育增添一些学理养分。第二,把中国优秀的传统文化中有关心理健康的资源创造性地转化为当代心理健康教育的资源。第三,建议设置提升心理健康水平的专业课。
●
相关链接 在五车中查询图书 在当当中查询图书 在豆瓣中查询图书


正题名:心理健康与思想政治教育     索取号:G647.9/7         预约/预借

序号 登录号 条形码 馆藏地/架位号 状态 备注
1 2000918329   2000918329   第四书库/四007架B面5层4列/ [索取号:G647.9/7] 在馆    
2 2000918330   2000918330   第四书库/四007架B面5层4列/ [索取号:G647.9/7] 在馆    
3 2000918331   2000918331   第四书库/四007架B面5层4列/ [索取号:G647.9/7] 在馆    
4 2000918332   2000918332   第四书库/四007架B面5层4列/ [索取号:G647.9/7] 在馆    
5 2000918333   2000918333   第四书库/四007架B面5层4列/ [索取号:G647.9/7] 在馆    
6 2000918334   2000918334   第四书库/四007架B面5层4列/ [索取号:G647.9/7] 在馆    
山东省滨州职业学院图书馆 欢迎您!
大连网信软件有限公司© 版权所有